[Event "SVK Extraliga 2018/2019"]
[Site "Modra"]
[Date "2018.11.10"]
[Round "1.7"]
[White "Banas, Kamil"]
[Black "Magat, Jozef"]
[Result "0-1"]
[WhiteElo "2255"]
[BlackElo "2112"]
[PlyCount "118"]
[EventDate "2018.??.??"]

1. e4 g6 2. d4 Bg7 3. Nc3 d6 4. f4 c5 5. d5 a6 6. a4 e6 7. Nf3 Ne7 8. Bc4 Bxc3+
9. bxc3 exd5 10. Bxd5 Nxd5 11. Qxd5 Nc6 12. c4 Be6 13. Qd3 Qf6 14. Rb1 Nb4 15.
Qd2 Qe7 16. Bb2 O-O 17. O-O f6 18. Qc3 Nc6 19. Ba1 Rab8 20. h3 Nb4 21. Nd2 Rbe8
22. g4 Bd7 23. g5 Rf7 24. gxf6 Qe6 25. Rf3 Bxa4 26. f5 gxf5 27. Rxf5 Kh8 28.
Rg5 Bxc2 29. Rxb4 cxb4 30. Qxc2 Qxh3 31. Nf1 b3 32. Qe2 Rg8 33. Qd2 Qe6 34.
Rxg8+ Kxg8 35. Qe2 Rxf6 36. Ng3 Rg6 37. Kf2 Qh3 38. Qf3 Qh2+ 39. Qg2 Qxg2+ 40.
Kxg2 Kf7 41. Kf3 a5 42. Bb2 a4 43. Ne2 Rg8 44. Nc3 Ra8 45. Nb5 Ra6 46. Ba3 Rc6
47. Ke3 Ke8 48. Kd3 Kd7 49. Bc1 h5 50. Bf4 h4 51. Bg5 h3 52. Bf4 Rb6 53. Kc3
Rc6 54. Kd3 Rc8 55. Kc3 Rf8 56. Bxd6 Rf3+ 57. Kb2 Rf2+ 58. Ka3 Ra2+ 59. Kb4 b2
0-1

[Event "SVK Extraliga 2018/2019"]
[Site "Modra"]
[Date "2018.11.10"]
[Round "1.8"]
[White "Hanko, Pavol"]
[Black "Federic, Jozef"]
[Result "1-0"]
[WhiteElo "2086"]
[BlackElo "2213"]
[PlyCount "259"]
[EventDate "2018.??.??"]

1. d4 d5 2. Nf3 Nf6 3. c4 e6 4. Bg5 Be7 5. e3 O-O 6. Nc3 h6 7. Bh4 b6 8. Be2
Bb7 9. Bxf6 Bxf6 10. cxd5 exd5 11. b4 c5 12. bxc5 bxc5 13. Rb1 Bc6 14. O-O Qa5
15. Qd2 c4 16. e4 dxe4 17. Nxe4 Bd8 18. Nc3 Na6 19. Ne5 Rc8 20. Nxc4 Qc7 21. d5
Ba8 22. Nb5 Qc5 23. Ne3 Bg5 24. Rfd1 Rcd8 25. Nc3 Nc7 26. Bf3 Qa5 27. Nb5 Qb6
28. Qd4 Bxe3 29. fxe3 Nxd5 30. Nxa7 Qxd4 31. Rxd4 Nxe3 32. Rxd8 Rxd8 33. Nc6
Re8 34. a4 Nc4 35. Rd1 Bxc6 36. Bxc6 Re5 37. Bb5 Na5 38. Kf2 f5 39. Rd8+ Kh7
40. Ra8 Nb3 41. Bd3 h5 42. Rb8 Nd4 43. Rb4 Ne6 44. Rb5 Nc5 45. Bc2 Kg6 46. h4
Kf6 47. Kf3 Rd5 48. Rb6+ Ke5 49. Rg6 Rd2 50. Bxf5 Nxa4 51. Bh3 Rd3+ 52. Ke2 Rd4
53. Rg5+ Kf6 54. Rxh5 Re4+ 55. Kf3 Re5 56. Rh8 Nc5 57. Ra8 Nd3 58. Ra6+ Kf7 59.
g3 Ne1+ 60. Kg4 Nd3 61. Bf1 Nc5 62. Rc6 Ne4 63. Bc4+ Ke8 64. Kf4 Re7 65. Bd3
Nf6 66. g4 Ra7 67. Kg5 Rd7 68. Bf5 Rd4 69. h5 Nd5 70. Ra6 Ne7 71. Be6 Kd8 72.
h6 gxh6+ 73. Kxh6 Rd2 74. Kg5 Rf2 75. Bf5 Ke8 76. Be6 Kf8 77. Ra8+ Kg7 78. Re8
Nc6 79. Rg8+ Kh7 80. Rc8 Ne5 81. Rc7+ Kh8 82. Bf5 Kg8 83. Re7 Nxg4 84. Bxg4 Kf8
85. Re1 Kg7 86. Ra1 Rf7 87. Be6 Rc7 88. Ra8 Rc5+ 89. Bf5 Rc7 90. Ra6 Kf8 91.
Rh6 Ke7 92. Re6+ Kd8 93. Kf6 Rc5 94. Ra6 Kc7 95. Ra2 Kb6 96. Bd7 Rc1 97. Rd2
Re1 98. Be6 Kc5 99. Ke7 Re3 100. Rd5+ Kb4 101. Kd6 Kc3 102. Bf5 Kb4 103. Rd4+
Kc3 104. Kd5 Rf3 105. Be4 Rg3 106. Rc4+ Kd2 107. Kd4 Ra3 108. Rc2+ Ke1 109. Bd3
Ra7 110. Ke3 Kd1 111. Rd2+ Kc1 112. Rc2+ Kd1 113. Rb2 Rc7 114. Kd4 Kc1 115. Rh2
Ra7 116. Bc4 Ra3 117. Rg2 Kb1 118. Kc5 Kc1 119. Kb4 Re3 120. Bd5 Rd3 121. Kc4
Rd2 122. Rg8 Rh2 123. Be4 Rf2 124. Kc3 Rc2+ 125. Kd3 Rd2+ 126. Ke3 Rd1 127. Rb8
Re1+ 128. Kd3 Rg1 129. Kc3 Kd1 130. Rb1+ 1-0

[Event "SVK Extraliga 2018/2019"]
[Site "?"]
[Date "2018.11.10"]
[Round "1.2"]
[White "Motuz, Karol"]
[Black "Vykouk, Jan"]
[Result "0-1"]
[WhiteElo "2367"]
[BlackElo "2423"]
[PlyCount "92"]
[EventDate "2018.??.??"]

1. d4 Nf6 2. c4 e6 3. Nf3 b6 4. g3 Ba6 5. b3 Bb4+ 6. Bd2 Be7 7. Bg2 c6 8. O-O
d5 9. Qc2 Nbd7 10. Bf4 Rc8 11. Nbd2 Nh5 12. Be3 O-O 13. Rfd1 f5 14. Nf1 Kh8 15.
Bc1 Bd6 16. Bb2 Qe7 17. Rac1 Nhf6 18. Ne5 Bb8 19. Nxd7 Nxd7 20. Nd2 Nf6 21. Nf3
b5 22. Ne5 Bxe5 23. dxe5 Nd7 24. cxb5 cxb5 25. Qd2 b4 26. Bd4 Bb5 27. e3 Nb8
28. Rc2 Rfe8 29. Rdc1 Nc6 30. Rc5 Qb7 31. Bf1 Bxf1 32. Kxf1 Ne7 33. Rxc8 Rxc8
34. Rxc8+ Nxc8 35. Qc2 Kg8 36. Kg2 Kf7 37. Qc5 a6 38. Qa5 Ne7 39. Qd8 Qc6 40.
Qb8 Qc2 41. Qa7 Qe4+ 42. f3 Qc2+ 43. Kh3 g5 44. e4 Qe2 45. exf5 h5 46. fxe6+
Kg6 0-1

[Event "SVK Extraliga 2018/2019"]
[Site "?"]
[Date "2018.11.10"]
[Round "1.4"]
[White "Wiewiora, Eneasz"]
[Black "Gasa, Andrej"]
[Result "1-0"]
[WhiteElo "2347"]
[BlackElo "2288"]
[PlyCount "75"]
[EventDate "2018.??.??"]

1. d4 Nf6 2. c4 e6 3. Nf3 d5 4. g3 Bb4+ 5. Bd2 Be7 6. Bg2 O-O 7. O-O Nbd7 8.
Qc2 Ne4 9. Nc3 Ndf6 10. Rad1 c6 11. Ne5 Nd6 12. b3 Nd7 13. e4 dxe4 14. Nxe4
Nxe4 15. Qxe4 f5 16. Qe1 Nxe5 17. dxe5 Qc7 18. Ba5 Qb8 19. Rd3 b6 20. Bb4 c5
21. Bxa8 Qxa8 22. Bc3 g5 23. f3 h5 24. Qd2 Qc6 25. Rf2 Rf7 26. Kf1 b5 27. Ba5
bxc4 28. bxc4 Ba6 29. Qc3 g4 30. Bd8 Qa4 31. Rc2 Bf8 32. Bf6 gxf3 33. Rd8 Kh7
34. Kf2 Bb7 35. Rb2 Be4 36. Qd2 Qa3 37. Rxf8 Rxf8 38. Qd7+ 1-0

[Event "SVK Extraliga 2018/2019"]
[Site "?"]
[Date "2018.11.10"]
[Round "1.5"]
[White "Karas, Marek"]
[Black "Vojtek, Vladimir"]
[Result "1/2-1/2"]
[WhiteElo "2224"]
[BlackElo "2316"]
[PlyCount "146"]
[EventDate "2018.??.??"]

1. Nf3 c5 2. g3 Nc6 3. c4 e6 4. Bg2 Nf6 5. O-O Be7 6. d4 cxd4 7. Nxd4 O-O 8.
Nc3 a6 9. b3 Qa5 10. Bb2 Rb8 11. a3 Nxd4 12. Qxd4 Qc5 13. Qxc5 Bxc5 14. Na4 Be7
15. c5 b5 16. Be5 Rb7 17. Bxb7 Bxb7 18. Nb6 Bxc5 19. Bxf6 Bxb6 20. Be7 Re8 21.
Bd6 Bd5 22. Rab1 h5 23. Rfd1 Kh7 24. Kf1 g5 25. Be5 Kg6 26. b4 Rc8 27. Bd4 Bd8
28. Bc5 Bf6 29. Bd4 Be7 30. Rbc1 Bc6 31. f3 f6 32. Kf2 Rh8 33. e4 Bd8 34. Ke3
g4 35. Rf1 Rf8 36. Rc2 f5 37. exf5+ exf5 38. fxg4 hxg4 39. Re2 Bd5 40. Rfe1 Bf3
41. Rc2 Be4 42. Rce2 Bg5+ 43. Kf2 Rc8 44. Be3 Bf6 45. Rc1 Rh8 46. Kg1 Be5 47.
Bf2 Re8 48. Rd2 Bc6 49. Re2 Re6 50. Rce1 Be4 51. Rc1 d5 52. Rd2 Bf6 53. Be3 Bf3
54. Kf2 Be5 55. Bf4 Bf6 56. Be3 d4 57. Bxd4 Bg5 58. Rcc2 Bxd2 59. Rxd2 Be4 60.
Bc5 Kf6 61. Rd8 Bf3 62. Be3 Rc6 63. Bc5 Re6 64. Rd6 Rxd6 65. Bxd6 Ke6 66. Bc5
Be4 67. Bb6 Kd5 68. Ke3 Kc4 69. Kd2 Kb3 70. Ba5 Kxa3 71. Kc3 Ka2 72. Bc7 Ka3
73. Ba5 Ka2 1/2-1/2

[Event "SVK Extraliga 2018/2019"]
[Site "?"]
[Date "2018.11.10"]
[Round "1.6"]
[White "Zpevak, Pavel"]
[Black "Rohacek, Miroslav"]
[Result "1-0"]
[WhiteElo "2338"]
[BlackElo "2251"]
[PlyCount "93"]
[EventDate "2018.??.??"]

1. d4 d5 2. c4 c6 3. Nf3 Nf6 4. Qc2 g6 5. Bf4 Bf5 6. Qb3 Qb6 7. e3 Bg7 8. Nc3
Nbd7 9. Be2 dxc4 10. Bxc4 Qxb3 11. Bxb3 Nb6 12. h3 Nbd5 13. Nxd5 Nxd5 14. Be5
O-O 15. O-O Rac8 16. Rfe1 Bxe5 17. Nxe5 Be6 18. Rec1 Nc7 19. Bd1 Rfd8 20. Be2
Ne8 21. Nd3 Rc7 22. f3 Bc8 23. Kf2 Nf6 24. Rc5 Nd7 25. Rc3 b6 26. Rac1 Bb7 27.
b4 Nb8 28. f4 Ba6 29. Ne5 Bxe2 30. Kxe2 Rdc8 31. b5 c5 32. dxc5 bxc5 33. Nc6
Kf8 34. Nxb8 Rxb8 35. Rxc5 Rcb7 36. a4 Ke8 37. Rc8+ Kd7 38. Rxb8 Rxb8 39. Rc6
Rb7 40. Kd3 Kd8 41. Kc3 Rd7 42. Kb4 Rd3 43. Rc3 Rd7 44. Ka5 e5 45. fxe5 Re7 46.
Ka6 g5 47. Rc5 1-0

[Event "SVK Extraliga 2018/2019"]
[Site "?"]
[Date "2018.11.10"]
[Round "1.7"]
[White "Jozefek, Michal"]
[Black "Walter, Szymon"]
[Result "0-1"]
[WhiteElo "2207"]
[BlackElo "2322"]
[PlyCount "108"]
[EventDate "2018.??.??"]

1. d4 Nf6 2. c4 e6 3. Nc3 Bb4 4. Qc2 Nc6 5. Nf3 d6 6. Bg5 h6 7. Bxf6 Qxf6 8. a3
Bxc3+ 9. Qxc3 e5 10. dxe5 dxe5 11. e3 Bf5 12. Rd1 O-O 13. Be2 Rad8 14. O-O g5
15. b4 g4 16. Nd2 Qg6 17. Nb3 Bc2 18. Rd5 Be4 19. Rxd8 Rxd8 20. b5 Bf3 21. Nc1
Bxe2 22. Nxe2 Rd3 23. Qb2 Na5 24. Qxe5 Qd6 25. Qe8+ Kg7 26. Ng3 Qc5 27. e4 Nxc4
28. Nf5+ Kf6 29. Qh8+ Ke6 30. Qxh6+ Kd7 31. a4 Nd2 32. Re1 Qc3 33. Kh1 Nxe4 34.
Rc1 Nxf2+ 35. Kg1 Qxc1+ 36. Qxc1 Rd1+ 37. Qxd1+ Nxd1 38. Nh6 Ke6 39. Nxg4 f5
40. Nf2 Nc3 41. Nd3 Nxa4 42. Kf2 Kf6 43. Ke3 Nc3 44. b6 cxb6 45. Kd4 Nb5+ 46.
Kd5 Nc3+ 47. Kd4 Ne4 48. h4 Nc5 49. Nb2 Ne6+ 50. Ke3 b5 51. g3 a5 52. Kd3 Ke5
53. Ke3 f4+ 54. gxf4+ Nxf4 0-1

[Event "SVK Extraliga 2018/2019"]
[Site "?"]
[Date "2018.11.10"]
[Round "1.8"]
[White "Bombek, Peter"]
[Black "Gasa, Patrik"]
[Result "1/2-1/2"]
[WhiteElo "2217"]
[BlackElo "2177"]
[PlyCount "50"]
[EventDate "2018.??.??"]

1. d4 d5 2. Nf3 Nf6 3. c4 e6 4. e3 a6 5. b3 c5 6. Be2 Nc6 7. O-O Be7 8. Bb2 O-O
9. dxc5 dxc4 10. Bxc4 Bxc5 11. Be2 Qe7 12. Nbd2 Rd8 13. Rc1 Ba3 14. Qc2 Bd7 15.
Nc4 Bxb2 16. Qxb2 Nd5 17. Nfe5 Nxe5 18. Nxe5 Bb5 19. Rfd1 Bxe2 20. Qxe2 Rac8
21. g3 Nc3 22. Qc2 Rxd1+ 23. Rxd1 Qc7 24. Rd4 b5 25. Nd3 g6 1/2-1/2

[Event "SVK Extraliga 2018/2019"]
[Site "?"]
[Date "2018.11.11"]
[Round "2.2"]
[White "Leniart, Arkadiusz"]
[Black "Repka, Christopher"]
[Result "0-1"]
[WhiteElo "2505"]
[BlackElo "2478"]
[PlyCount "86"]
[EventDate "2018.??.??"]

1. e4 e5 2. Nf3 Nc6 3. c3 Nf6 4. d4 d6 5. Bb5 Bd7 6. O-O Be7 7. Qe2 a6 8. Bxc6
Bxc6 9. dxe5 dxe5 10. Nxe5 Bxe4 11. Rd1 Qc8 12. Bg5 Qf5 13. Bxf6 gxf6 14. Ng4
Rg8 15. Ne3 Qe6 16. g3 Bc6 17. Qc4 Bd6 18. Qxe6+ fxe6 19. Nc4 Bc5 20. b4 Ba7
21. a4 h5 22. Nbd2 h4 23. Kf1 O-O-O 24. b5 Bd5 25. Ke2 Rg5 26. gxh4 Rh5 27. b6
cxb6 28. Rab1 Bc6 29. Nf3 Rxd1 30. Rxd1 Bxa4 31. Nd6+ Kc7 32. Rd4 Bc6 33. Ne4
b5 34. Ng3 Bxd4 35. Nxh5 Bxc3 36. Nf4 Kd7 37. h5 Ke7 38. h6 Be4 39. Ke3 Bh7 40.
Ne2 Bb4 41. Ned4 Kd7 42. Ke2 Bf8 43. Nb3 b6 0-1

[Event "SVK Extraliga 2018/2019"]
[Site "?"]
[Date "2018.11.11"]
[Round "2.3"]
[White "Kociscak, Jiri"]
[Black "Druska, Juraj"]
[Result "1/2-1/2"]
[WhiteElo "2487"]
[BlackElo "2443"]
[PlyCount "221"]
[EventDate "2018.??.??"]

1. d4 Nf6 2. c4 e6 3. g3 d5 4. Nf3 Bb4+ 5. Bd2 Be7 6. Bg2 O-O 7. O-O Nbd7 8.
Qc2 c6 9. Rd1 b6 10. Bf4 Ba6 11. b3 Rc8 12. Nc3 h6 13. e4 dxc4 14. h3 b5 15.
bxc4 bxc4 16. Nd2 Nb6 17. a4 Qxd4 18. a5 Nbd7 19. Nf3 Qc5 20. Be3 Qh5 21. g4
Qg6 22. Nh4 Qh7 23. f4 Nd5 24. Nf5 Nxe3 25. Nxe7+ Kh8 26. Qd2 Nxd1 27. Rxd1 Nf6
28. Nxc8 Rxc8 29. Qf2 Qg8 30. Qxa7 Ra8 31. Qb6 Qc8 32. Rd6 Bb5 33. g5 hxg5 34.
fxg5 Nd7 35. Qf2 Qc7 36. e5 Nxe5 37. Qd4 Qa7 38. Nxb5 Qxd4+ 39. Nxd4 Rxa5 40.
Nxc6 Nxc6 41. Rxc6 Rxg5 42. Rxc4 g6 43. Kf2 Kg7 44. Bf3 Ra5 45. Kg3 Kf6 46. Bc6
Rg5+ 47. Kf2 Rh5 48. Bg2 Ra5 49. Bf3 Rg5 50. Rc7 Ra5 51. Rc4 Rg5 52. Rb4 Ra5
53. Bc6 Rf5+ 54. Kg3 Rg5+ 55. Kh2 Rc5 56. Ba4 Ra5 57. Rc4 Kg7 58. h4 g5 59. Rg4
Kh6 60. Be8 Rf5 61. hxg5+ Rxg5 62. Ra4 Kg7 63. Ra7 Rf5 64. Kg3 Rf6 65. Bc6 Rf5
66. Bf3 Kf6 67. Kf2 Rb5 68. Bc6 Rf5+ 69. Ke3 Re5+ 70. Kd4 Rf5 71. Kc4 Kg5 72.
Be8 Kg6 73. Bc6 Kg5 74. Be4 Rf4 75. Kd3 Kf6 76. Ke3 Rf1 77. Bf3 Re1+ 78. Kd4
Rf1 79. Be4 Rf4 80. Ra1 Rh4 81. Re1 Rh5 82. Rf1+ Ke7 83. Rb1 Kf6 84. Bc6 Rf5
85. Rb7 Kg7 86. Kc4 Kf6 87. Bb5 Kg5 88. Kb4 Kf6 89. Ka5 Rf2 90. Kb6 Ke5 91. Kc5
Rc2+ 92. Bc4 Rf2 93. Ra7 Rf3 94. Ra2 Re3 95. Rh2 Re1 96. Rh3 Kf6 97. Kd6 Re5
98. Kd7 Rc5 99. Bd3 Rc3 100. Kd6 Ra3 101. Rf3+ Kg7 102. Kc5 Ra5+ 103. Bb5 Kf8
104. Kc6 Ke7 105. Rd3 Ra7 106. Kb6 Ra2 107. Rd7+ Kf8 108. Bc6 Rc2 109. Ra7 Rc1
110. Bf3 Rf1 111. Bh5 1/2-1/2

[Event "SVK Extraliga 2018/2019"]
[Site "?"]
[Date "2018.11.11"]
[Round "2.8"]
[White "Kusiak, Matej"]
[Black "Kostelny, Jozef"]
[Result "0-1"]
[WhiteElo "2263"]
[BlackElo "2211"]
[PlyCount "180"]
[EventDate "2018.??.??"]

1. e4 g6 2. d4 Bg7 3. Nc3 d6 4. Be3 a6 5. g3 b5 6. Bg2 Bb7 7. Nge2 Nd7 8. Qd2
Nb6 9. b3 b4 10. Nd5 Nxd5 11. exd5 Nf6 12. c4 bxc3 13. Nxc3 Qd7 14. Qd3 h5 15.
h4 Ng4 16. O-O Nxe3 17. Qxe3 O-O 18. Rfe1 Rae8 19. Kh2 c6 20. Rac1 e5 21. dxc6
Bxc6 22. d5 Bb7 23. Na4 e4 24. Qb6 Bxd5 25. Rcd1 Bc6 26. Nc5 Qf5 27. Rxd6 Be5
28. Rxc6 Qxf2 29. Rxg6+ fxg6 30. Qxg6+ Kh8 31. Qxh5+ Kg8 32. Qg5+ Kh8 33. Rxe4
Qxc5 34. Qh6+ Kg8 35. Qg6+ Kh8 36. Qh6+ Kg8 37. Rg4+ Kf7 38. Qh7+ Ke6 39. Rg6+
Bf6 40. Bh3+ Kd5 41. Qb7+ Kd4 42. Rg4+ Kd3 43. Bf1+ Kd2 44. Qg2+ Ke1 45. Rc4
Qe3 46. Qh1 Bc3 47. Bh3+ Kd2 48. Qd5+ Kc2 49. Bf5+ Kb2 50. Kh3 Rd8 51. Qg2+ Qd2
52. Qf1 Qe1 53. Qxe1 Bxe1 54. Rc2+ Ka3 55. g4 Rh8 56. h5 Bd2 57. Kh4 Rhg8 58.
Rc6 Bg5+ 59. Kg3 a5 60. h6 Kxa2 61. h7 Rge8 62. Rc3 Re3+ 63. Rxe3 Bxe3 64. Be6
Bg5 65. b4+ Kb2 66. bxa5 Rd3+ 67. Kg2 Bf6 68. a6 Ra3 69. g5 Be5 70. Bc8 Rg3+
71. Kf2 Rxg5 72. a7 Bd4+ 73. Kf3 Ra5 74. Ke4 Kc3 75. Be6 Rxa7 76. Bg8 Ra5 77.
Bd5 Bh8 78. Bf7 Re5+ 79. Kf4 Kd4 80. Bg8 Re7 81. Kf5 Kc5 82. Kg6 Kd6 83. Bc4
Rg7+ 84. Kh6 Ke5 85. Bd3 Kf6 86. Kh5 Rg3 87. Bc2 Ke5 88. Bb1 Kf4 89. Ba2 Bf6
90. Be6 Rg5+ 0-1

[Event "SVK Extraliga 2018/2019"]
[Site "?"]
[Date "2018.11.11"]
[Round "2.1"]
[White "Mazur, Stefan"]
[Black "Markos, Jan"]
[Result "1-0"]
[WhiteElo "2413"]
[BlackElo "2568"]
[PlyCount "67"]
[EventDate "2018.??.??"]

1. e4 c5 2. Nf3 Nc6 3. d4 cxd4 4. Nxd4 e5 5. Nb5 d6 6. N1c3 a6 7. Na3 b5 8. Nd5
Nge7 9. c4 Nd4 10. Bd3 Nxd5 11. cxd5 Be7 12. O-O O-O 13. Be3 Bd7 14. Qd2 Qb8
15. f4 b4 16. Nc4 Bb5 17. Bxd4 exd4 18. Na5 Bd8 19. Bxb5 Bxa5 20. Bc6 Ra7 21.
Kh1 Bb6 22. Rae1 Re7 23. e5 Rc8 24. Qxb4 Bc5 25. Qc4 Qxb2 26. f5 d3 27. f6 Rec7
28. Qg4 g6 29. e6 h5 30. exf7+ Kh7 31. Re7 Rf8 32. Qd1 Rcc8 33. Qxd3 Qxa2 34.
Re8 1-0

[Event "SVK Extraliga 2018/2019"]
[Site "?"]
[Date "2018.11.11"]
[Round "2.2"]
[White "Mrva, Martin"]
[Black "Hrabusa, Matej"]
[Result "0-1"]
[WhiteElo "2430"]
[BlackElo "2398"]
[PlyCount "86"]
[EventDate "2018.??.??"]

1. Nf3 d5 2. g3 Nf6 3. Bg2 e6 4. O-O c5 5. c4 dxc4 6. Qa4+ Bd7 7. Qxc4 Bc6 8.
Re1 Be7 9. e4 Nbd7 10. Nc3 Rc8 11. Qe2 O-O 12. d4 Re8 13. Rd1 b6 14. dxc5 Bxc5
15. Ne5 Ba8 16. Nb5 a6 17. Bg5 Nxe5 18. Rxd8 Rexd8 19. Nc3 Rd3 20. Rd1 Rcd8 21.
Rxd3 Rxd3 22. Bxf6 gxf6 23. Kh1 Rd8 24. Bf1 f5 25. Qh5 f6 26. f3 b5 27. a3 Kg7
28. Be2 Rd2 29. Qe8 Bc6 30. Qxe6 fxe4 31. f4 e3+ 32. Kg1 Nf3+ 33. Kf1 Nxh2+ 34.
Ke1 Nf3+ 35. Kf1 Bd7 36. Qxd7+ Rxd7 37. Bxf3 Rd2 38. Nd1 Bd4 39. b3 Ra2 40. a4
bxa4 41. bxa4 Rxa4 42. Ke2 Ra2+ 43. Kd3 Rd2+ {Kxd4 [%clk 0:23:09]} 0-1

[Event "SVK Extraliga 2018/2019"]
[Site "?"]
[Date "2018.11.11"]
[Round "2.3"]
[White "Haring, Filip"]
[Black "Krak, Tomas"]
[Result "1/2-1/2"]
[WhiteElo "2314"]
[BlackElo "2284"]
[PlyCount "155"]
[EventDate "2018.??.??"]

1. e4 c5 2. Nf3 Nc6 3. d4 cxd4 4. Nxd4 g6 5. Nc3 Bg7 6. Be3 Nf6 7. Bc4 O-O 8.
Bb3 d6 9. f3 Bd7 10. Qd2 Na5 11. O-O-O Nxb3+ 12. cxb3 Qb8 13. g4 b5 14. g5 b4
15. gxf6 bxc3 16. bxc3 Bxf6 17. h4 Rc8 18. h5 Qc7 19. c4 Rab8 20. Rdg1 e5 21.
hxg6 hxg6 22. Qh2 exd4 23. Rxg6+ fxg6 24. Qh7+ Kf8 25. Bh6+ Ke8 26. Qxg6+ Ke7
27. Bg5 Rf8 28. Bxf6+ Rxf6 29. Rh7+ Kd8 30. Qxf6+ Kc8 31. Qxd4 Qb6 32. Qd2 Qc5
33. f4 Kc7 34. e5 Rg8 35. Kb2 Rg6 36. Re7 Kc8 37. f5 Bxf5 38. exd6 Rxd6 39. Qf4
Rd1 40. Re8+ Kd7 41. Re5 Rb1+ 42. Kc3 Rc1+ 43. Kd2 Rc2+ 44. Kd1 Qg1+ 45. Re1
Qf2 46. Qxf2 Rxf2 47. Re5 Bg4+ 48. Kc1 Rxa2 49. b4 Ra4 50. Ra5 Rxb4 51. Rxa7+
Kd6 52. Kd2 Rxc4 53. Kd3 Rc6 54. Rg7 Be6 55. Rg5 Rc7 56. Kd4 Rc4+ 57. Ke3 Bd5
58. Rg6+ Kc5 59. Rg5 Re4+ 60. Kd3 Rf4 61. Re5 Ra4 62. Ke3 Ra3+ 63. Kf4 Kd4 64.
Re8 Rf3+ 65. Kg4 Rf7 66. Kg5 Be4 67. Kg4 Ke3 68. Rg8 Rf2 69. Rg5 Rf8 70. Rg7
Rf1 71. Rg5 Kd4 72. Kh4 Bf5 73. Rg3 Ke4 74. Kg5 Ke5 75. Re3+ Be4 76. Rg3 Rf2
77. Rg4 Rh2 78. Rg3 1/2-1/2

[Event "SVK Extraliga 2018/2019"]
[Site "?"]
[Date "2018.11.11"]
[Round "2.4"]
[White "Holtman, Teodor"]
[Black "Haring, Viktor"]
[Result "1-0"]
[WhiteElo "2234"]
[BlackElo "2314"]
[PlyCount "73"]
[EventDate "2018.??.??"]

1. e4 c5 2. Nc3 Nc6 3. Nf3 Nf6 4. d4 cxd4 5. Nxd4 e5 6. Ndb5 d6 7. a4 a6 8. Na3
Be6 9. Bc4 Rc8 10. Bg5 Be7 11. Bxf6 Bxf6 12. Nd5 Bg5 13. c3 O-O 14. h4 Bh6 15.
g4 Bf4 16. Qf3 Ne7 17. Nxf4 Bxc4 18. Nxc4 Rxc4 19. Ne2 Qb6 20. Qd3 Rfc8 21. a5
Qxb2 22. O-O Qb5 23. Qxd6 Ng6 24. h5 Nh4 25. Rab1 Qxa5 26. Rxb7 Rxe4 27. Ng3
Nf3+ 28. Kg2 Rec4 29. Kxf3 Qxc3+ 30. Kg2 Rxg4 31. Rb8 h6 32. Rxc8+ Qxc8 33. Rb1
Qc2 34. Rb8+ Kh7 35. Qd8 Qe4+ 36. Kf1 Qc4+ 37. Ne2 1-0

[Event "SVK Extraliga 2018/2019"]
[Site "?"]
[Date "2018.11.11"]
[Round "2.6"]
[White "Sepesi, Samuel"]
[Black "Hros, Roman"]
[Result "1-0"]
[WhiteElo "2205"]
[BlackElo "2191"]
[PlyCount "41"]
[EventDate "2018.??.??"]

1. e4 e5 2. Nf3 Nc6 3. d4 exd4 4. Nxd4 Qh4 5. Nc3 Bb4 6. Be2 Qxe4 7. Ndb5 Kd8
8. O-O Bxc3 9. bxc3 Nf6 10. Rb1 Re8 11. Be3 d6 12. Qd2 Re7 13. Rfe1 Be6 14. Bf3
Qc4 15. Bg5 a6 16. Nxd6 cxd6 17. Qxd6+ Ke8 18. Rxb7 Qxc3 19. Bxc6+ Kf8 20. Bd2
Qc4 21. Rxe7 1-0

[Event "SVK Extraliga 2018/2019"]
[Site "?"]
[Date "2018.11.11"]
[Round "2.8"]
[White "Fiacan, Robert"]
[Black "Macko, Michal"]
[Result "1-0"]
[WhiteElo "2213"]
[BlackElo "2178"]
[PlyCount "93"]
[EventDate "2018.??.??"]

1. e4 c5 2. Nc3 a6 3. Bc4 e6 4. d3 b5 5. Bb3 Nc6 6. f4 Nd4 7. Nf3 Nxb3 8. axb3
Bb7 9. O-O Nf6 10. e5 b4 11. Ne2 Nd5 12. Ng3 g6 13. Ne4 f5 14. Neg5 h6 15. Nh3
Qc7 16. Qe2 Kf7 17. Nd2 Nb6 18. Nf2 d5 19. d4 a5 20. Nf3 Ba6 21. Nd3 c4 22.
bxc4 dxc4 23. Nc5 Bxc5 24. dxc5 Nd5 25. Qf2 Rac8 26. c6 c3 27. Rd1 Bb5 28. bxc3
Bxc6 29. cxb4 Nc3 30. Rd4 a4 31. Rc4 Ne4 32. Qe3 Qb7 33. Nd4 Bb5 34. Rxc8 Rxc8
35. Bb2 Rc7 36. h4 Bd7 37. c3 Qc8 38. b5 Nxc3 39. h5 gxh5 40. b6 Nd5 41. Qf3
Nxb6 42. Qxh5+ Kg7 43. Nxf5+ exf5 44. e6+ Rc3 45. Qf7+ Kh8 46. exd7 Nxd7 47.
Rc1 1-0

[Event "SVK Extraliga 2018/2019"]
[Site "Bratislava"]
[Date "2018.11.11"]
[Round "2.4"]
[White "Petran, Peter"]
[Black "Cibickova, Zuzana"]
[Result "0-1"]
[WhiteElo "2256"]
[BlackElo "2243"]
[PlyCount "133"]
[EventDate "2018.??.??"]

1. g3 d5 2. Nf3 Bg4 3. Bg2 c6 4. d3 Nd7 5. Nbd2 e6 6. b3 Ngf6 7. Bb2 Be7 8. O-O
O-O 9. c4 a5 10. a3 Qb8 11. Qc2 Rc8 12. Rfe1 Bh5 13. Bc3 b5 14. e4 Qb6 15. h3
dxe4 16. dxe4 Bc5 17. Rf1 b4 18. Bb2 h6 19. a4 Bg6 20. Qd3 Re8 21. Qe2 e5 22.
Nh4 Nf8 23. Nxg6 Nxg6 24. h4 Rad8 25. Nf3 h5 26. Bh3 Bd4 27. Ra2 c5 28. Bc1 Nf8
29. Kg2 Qc6 30. Ng5 Re7 31. Rd2 Rd6 32. Rd3 g6 33. Rfd1 Qb7 34. Rf1 Rd8 35. Kh1
Rde8 36. f3 N6d7 37. Bg2 f6 38. Nh3 Qc7 39. Qd1 Nb8 40. f4 exf4 41. Nxf4 Qd8
42. Nd5 Rf7 43. Rxd4 cxd4 44. Qxd4 Nh7 45. Bb2 Nd7 46. c5 Ne5 47. Nxf6+ Nxf6
48. Qxd8 Rxd8 49. Bxe5 Ng4 50. Bd6 Rxf1+ 51. Bxf1 Nf2+ 52. Kg2 Nxe4 53. Bc4+
Kh7 54. Bc7 Rd2+ 55. Kf3 Nxc5 56. Bxa5 Nxb3 57. Bxb4 Rd4 58. Bxb3 Rd3+ 59. Kf4
Rxb3 60. Be1 Rb1 61. Bd2 Rb2 62. Be1 Re2 63. Bb4 Ra2 64. Bd6 Rxa4+ 65. Kf3 Kg7
66. Bf4 Kf6 67. Bd6 0-1

[Event "SVK Extraliga 2018/2019"]
[Site "?"]
[Date "2018.11.11"]
[Round "2.1"]
[White "Aczel, Gergely"]
[Black "Vajda, Levente"]
[Result "1/2-1/2"]
[WhiteElo "2549"]
[BlackElo "2547"]
[PlyCount "96"]
[EventDate "2018.??.??"]

1. d4 d5 2. c4 e6 3. Nc3 Nf6 4. cxd5 exd5 5. Bg5 Be7 6. e3 c6 7. Bd3 Nbd7 8. h3
O-O 9. Qc2 Re8 10. Nf3 Ne4 11. Bf4 Ndf6 12. O-O Bd6 13. Ne5 g6 14. Rfe1 Qe7 15.
Rab1 Be6 16. f3 Nxc3 17. bxc3 Nh5 18. Bh2 c5 19. Qf2 Rab8 20. Bf1 f6 21. Ng4
Bxh2+ 22. Kxh2 b6 23. e4 dxe4 24. fxe4 Rf8 25. Kg1 Qc7 26. Ne3 cxd4 27. cxd4
Rbe8 28. Bb5 Rd8 29. Rbc1 Qb8 30. d5 Bd7 31. a4 Nf4 32. Qf1 Qe5 33. Bxd7 Rxd7
34. Rc4 Qg5 35. Kh2 f5 36. e5 Nxd5 37. Nxd5 Rxd5 38. Qf3 Rd7 39. e6 Re7 40. Qd5
Qf6 41. Rc6 Kg7 42. Rd6 Rfe8 43. Rd7 Kh6 44. Rxe7 Rxe7 45. Re2 Kg7 46. Qd6 h5
47. Re1 h4 48. Kh1 Kh7 1/2-1/2

[Event "SVK Extraliga 2018/2019"]
[Site "?"]
[Date "2018.11.11"]
[Round "2.2"]
[White "Petenyi, Tamas"]
[Black "Balog, Imre"]
[Result "1/2-1/2"]
[WhiteElo "2428"]
[BlackElo "2559"]
[PlyCount "102"]
[EventDate "2018.??.??"]

1. g3 e5 2. Bg2 d5 3. d3 Nc6 4. Nf3 f6 5. O-O Be6 6. c3 a5 7. a4 Qd7 8. Re1
Nge7 9. Na3 Rd8 10. Qc2 Nc8 11. Nb5 Nb8 12. e4 dxe4 13. Rxe4 Be7 14. Rxe5 O-O
15. Re2 Bf7 16. Bf4 Na6 17. Rae1 Rfe8 18. Nd2 c6 19. Nd4 Bc5 20. Rxe8+ Rxe8 21.
Rxe8+ Qxe8 22. Be3 Nb6 23. Ne4 Nd5 24. Nf5 Bxe3 25. fxe3 Qd7 26. Qf2 Be6 27.
Nd4 Bg4 28. Qd2 Kh8 29. Nf2 Bh5 30. e4 Nb6 31. b3 Bf7 32. Qb2 Qd8 33. Nf5 Nc8
34. d4 Qb6 35. Qa3 c5 36. d5 Bg6 37. Nh4 Nd6 38. c4 Nb4 39. Nxg6+ hxg6 40. Qb2
Nf7 41. Bh3 Qd6 42. Qe2 Qe5 43. Kg2 Kh7 44. Bc8 Nd6 45. Be6 b6 46. Qg4 Nc2 47.
Qh4+ Qh5 48. Qf4 Qe2 49. Qh4+ Qh5 50. Qf4 Qe2 51. Qh4+ Qh5 1/2-1/2

[Event "SVK Extraliga 2018/2019"]
[Site "?"]
[Date "2018.11.11"]
[Round "2.3"]
[White "Gazik, Viktor"]
[Black "Varga, Zoltan"]
[Result "1-0"]
[WhiteElo "2483"]
[BlackElo "2444"]
[PlyCount "81"]
[EventDate "2018.??.??"]

1. e4 Nf6 2. e5 Nd5 3. d4 d6 4. Nf3 dxe5 5. Nxe5 c6 6. Bd3 Nd7 7. Nf3 N7f6 8.
a3 Bg4 9. O-O e6 10. c4 Ne7 11. Nbd2 Bf5 12. Be2 Ng6 13. Nb3 Bd6 14. Re1 Bg4
15. h3 Bxf3 16. Bxf3 O-O 17. Bd2 e5 18. Bc3 Re8 19. Na5 Qc7 20. c5 Bf8 21. dxe5
Nd7 22. e6 Nxc5 23. exf7+ Qxf7 24. Qc2 Nf4 25. b4 Ncd3 26. Rxe8 Rxe8 27. Rd1
Ne5 28. Be4 g6 29. b5 cxb5 30. g3 Nxh3+ 31. Kg2 Nf4+ 32. gxf4 Qxf4 33. Bd5+ Kh8
34. Qe4 Qg5+ 35. Kf1 Bg7 36. Re1 Qh5 37. Qf3 Qh2 38. Nxb7 h6 39. Nd6 Nxf3 40.
Rxe8+ Kh7 41. Bg8+ 1-0